The New Brazil: Its resources and attractions. Historical, descriptive, and industrial

Guardat en:
Dades bibliogràfiques
Autor principal: Wright, Marie Robinson (Autor)
Format: Llibre
Idioma:anglès
Publicat: Filadelfia George Barrie & Sons 1907
Edició:2a. ed
Matèries:
Etiquetes: Afegir etiqueta
Sense etiquetes, Sigues el primer a etiquetar aquest registre!

MARC

LEADER 00000nam a2200000 a 4500
001 UCJ5889
003 CL-VaPUC
008 070124e19070000US |||||||||||||||||eng|d
082 0 4 |a 910.4  |b WRI  |2 21 
100 0 |a Wright, Marie Robinson  |e author  |9 511787 
245 1 4 |a The New Brazil: Its resources and attractions. Historical, descriptive, and industrial 
250 |a 2a. ed 
300 |a 494 p 
942 |c BK 
945 |d 20070124 00:00:00  |a rinostro 
260 |a Filadelfia  |b George Barrie & Sons  |c 1907 
500 |a Front., Presidente del Brasil Dr. Alfonso Augusto Moreira Penna; numerosas fotografías del Brasil de comienzos del siglo XX 
600 0 7 |a MOREIRA PENNA, ALFONSO AUGUSTO  |2 CL-VaPUC  |9 511788 
600 0 7 |a PEDRO I, DEL BRASIL  |2 CL-VaPUC  |9 511789 
600 0 7 |a CORREA DE OLIVEIRA, ALFREDO  |2 CL-VaPUC  |9 511790 
600 0 7 |a FONSECA, DEODORO DA  |2 CL-VaPUC  |9 511791 
600 0 7 |a PEIXOTO, FLORIANO  |2 CL-VaPUC  |9 511792 
600 0 7 |a MORAES BARROS, JOSE DE  |2 CL-VaPUC  |9 511793 
600 0 7 |a RODRIGUEZ ALVES, FRANCISCO DE PAULO  |2 CL-VaPUC  |9 511794 
650 0 |a Viajes  |9 257115 
650 0 |a Geografía  |9 259346 
650 0 |a Historia  |9 255047 
650 0 |a Población  |9 257577 
650 0 |a Aborígenes  |9 329972 
650 7 |a FLORA  |2 CL-VaPUC  |9 264745 
650 7 |a FAUNA  |2 CL-VaPUC  |9 349523 
650 0 |a Recursos naturales  |9 255232 
650 0 |a Cultura  |9 269059 
650 7 |a INSTITUCIONES  |2 CL-VaPUC  |9 329701 
650 7 |a PRESIDENTES DEL BRASIL  |2 CL-VaPUC  |9 511795 
650 7 |a INDUSTRIA  |2 CL-VaPUC  |9 315110 
650 0 |a Comercio  |9 255341 
650 7 |a FOLKLORE  |2 CL-VaPUC  |9 268291 
650 7 |a TRADICIONES  |2 CL-VaPUC  |9 367367 
650 0 |a Ilustraciones  |9 369481 
650 0 |a Iconografía   |9 267998 
650 7 |a CALLES Y PASEOS  |2 CL-VaPUC  |9 329702 
650 0 |a Monumentos  |9 265246 
650 0 |a Obras públicas  |9 261125 
651 0 |a Brasil  |9 267393 
651 7 |a RIO DE JANEIRO  |2 CL-VaPUC  |9 323743 
583 |a last modification  |c 20070124 00:00:00  |k Rodrigo Vera 
999 |c 321997  |d 321995 
952 |0 0  |1 0  |4 0  |6 910_400000000000000_WRI_1907  |7 0  |8 X  |9 400901  |a FDOBUD  |b FDOBUD  |d 2019-11-22  |i 1041282  |o 910.4 WRI 1907  |p 1041282  |r 2019-11-22  |w 2019-11-22  |y BK_X  |k BUD